00722nam a2200217 i 450000100060000000300090000600500170001500700030003200800410003502000180007608000290009408000320012324500420015526000440019730000300024150000930027160000330036465500400039771000340043785200330047117522ES-MaACL20230906151615.0t|010326s2000 sp ||||1| spa d a84-8154-428-0 a929 Rejano, Juan (064.3) a821.134.2 Rejano, Juan 1.0600aJuan Rejano b: memoria de un exilio. aPuente Genil : bAyuntamiento, c[2000] a359 p. : bil. ; c33 cm. aCatálogo de la Exposición celebrada en Puente Genil, Córdoba en noviembre de 2000.14aRejano, Juan-vExposiciones. 72tgfbneaCatálogos de exposiciones1 aPuente Genil. bAyuntamiento. aES-MaACLjL-24263 bR.129569